[Event "RUS-ch51"]
[Site "St Petersburg"]
[Date "1998.08.06"]
[Round "10"]
[White "Galliamova, Alisa"]
[Black "Tregubov, Pavel V"]
[Result "0-1"]
[WhiteElo "2560"]
[BlackElo "2535"]
[Annotator "Ribli,Z"]
[PlyCount "84"]
[EventDate "1998.07.28"]
[EventType "swiss"]
[EventRounds "11"]
[EventCountry "RUS"]
[SourceTitle "CBM 067"]
[Source "ChessBase"]
[SourceDate "1998.11.30"]
[SourceVersion "2"]
[SourceVersionDate "1998.11.01"]
[SourceQuality "1"]

{[%mdl 64]} 1. e4 c5 2. Nf3 e6 3. d4 cxd4 4. Nxd4 Nc6 5. Nc3 Qc7 6. f4 {
Weiß möchte bezüglich der Läuferentwicklung noch keine Entscheidung treffen
und macht zuerst diesen Angriffszug. Ribli.} Nxd4 {Das ist meines Erachtens
die präzise Zugfolge. es sei angemerkt, daß in der 4. Runde dieses Turniers
Kobalija die weniger schlaue Fortsetzung 6...a6 spielte.} (6... a6 7. Nxc6 Qxc6
(7... bxc6)) 7. Qxd4 a6 {Weiß hat großen Entwicklungsvorteil und kontrolliert
mehr Raum, aber seine Dame steht auf d4 unglücklich und Schwarz kann seine
Entwicklung in Abhängigkeit vom weißen Spiel beenden.} 8. Bd3 (8. Be2 b5 9. Be3
Bb7 {Das ist die übliche Hauptvariante des 6.f4-Abspiels. Jetzt hat Weiß die
beiden prinzipiellen Möglichkeiten, kurz oder lang zu rochieren. In beiden
Fällen Schwarz hat ausreichendes Gegenspiel.}) 8... b5 9. Bd2 (9. a3 Bb7 (9...
Nf6 10. b4 Bb7 11. O-O Be7 12. Bb2 Qc6 13. Kh1 Bd8 14. a4 bxa4 15. b5 axb5 16.
Bxb5 Qb6 17. Qxb6 Bxb6 18. Nxa4 Ba7 19. Rfd1 O-O 20. Bxf6 gxf6 21. Rxd7 Bxe4
22. c4 f5 {0-1 Hector,J-Cramlimg,P/Nordic zt 1992 (33)}) 10. b4 Be7 11. O-O Qc6
(11... d6 12. Bb2 Bf6 13. Qe3 Ne7 14. Rae1 Ng6 15. Ba1 O-O 16. Ne2 Bxa1 17.
Rxa1 Rac8 18. Qh3 Rfe8 19. Rf3 f5 20. exf5 exf5 21. Rf2 Be4 22. Bxe4 fxe4 23.
c3 Qc4 24. Qh5 Qd3 25. Rff1 Rf8 {1-0 Hector,J-Makropolou,M/Katerini op 1992 
(58)}) 12. Rf3 Nf6 13. a4 bxa4 14. Nxa4 (14. Rxa4 O-O 15. e5 Nd5 16. Nxd5 Qxd5
17. Qxd5 Bxd5 18. Rh3 g6 $15) 14... Nxe4 15. Bxe4 Qxe4 16. Qxg7 Rf8 17. Bb2 (
17. c3) 17... Bxb4 18. Rb3 Bd6 19. Ba3 Bxa3 20. Rbxa3 Rc8 {0-1 Benjamin,
J-Cramling,P/Stockholm 1990 (30)}) 9... Nf6 {[%csl Rd4] Mit dem Springerzug
wird Weiß zum Verlustzug 10.e5 verleitet. Trotzdem glaube ich, daß 9...Bb7
sicherer für Schwarz ist.} (9... Bb7 $5 10. a4 b4 11. Na2 (11. Ne2 Qc5) 11...
Nf6 12. Qe3 (12. Nxb4 Bc5 13. Qc3 a5 14. Na2 Bxe4 $15) (12. Bxb4 Bxb4+ 13. Qxb4
a5 14. Qd4 Qxf4) 12... d5 13. e5 d4 14. Qe2 Nd5 15. O-O Bc5 16. f5 exf5 17.
Rxf5 g6 18. Rg5 O-O 19. Qh5 Rae8 {1/2-1/2 Martin Gonzalez,A-Lalic,B/Benasque
1995 (27)}) 10. b4 $5 {Weiß verhindert ...Bc5 oder ...b5-b4 und erlangt mit
folgendem a2-a4 Spiel am Damenflügel.} (10. Qf2 Bb7 $11) (10. e5 $4 Bc5 $19 {
[%csl Rd4]}) 10... Bb7 11. O-O (11. a4 $5 bxa4 12. Rxa4) (11. e5 Nd5 (11... Ng4
12. Ne4 $14 {[%csl Rg4]}) 12. Nxd5 Bxd5 13. O-O Be7 $5 (13... d6 14. exd6 Qxd6
(14... Bxd6 15. Qxg7 O-O-O 16. g3 {Schwarz hat etwas Kompensation, aber die
weiße Königsstellung scheint verteidigungsfähig.}) 15. a4 $36 {[%csl Re8]}) 14.
a4 bxa4 {Das ist ein Übergang zur Partiefortsetzung.}) 11... Be7 12. a4 (12. e5
d6 $5 {Ein interessantes Motiv.} (12... Nd5) 13. exf6 Bxf6 {[%cal Rf6a1]})
12... bxa4 13. e5 (13. Rxa4 O-O 14. e5 Nd5 15. Nxd5 Bxd5 {Das ist die
Partiestellung mit anderer Zugfolge.}) 13... Nd5 (13... Qc6 14. Rf3 Nd5 15.
Nxa4 $14) 14. Nxd5 Bxd5 15. Rxa4 O-O {[%csl Ra6,Rc2]} 16. f5 {Weiß hat
Angriffschancen am Königsflügel und droht 17.f6 mit überlegenem Angriff.} (16.
Rxa6 Rxa6 17. Bxa6 Qxc2 $132 (17... Bxg2 18. Kxg2 Qc6+ $13 {[%cal Rc6g2,Rc6a6]}
)) 16... f6 $1 $13 {Das ist ein typisches Motiv in der Paulsen Variante. Mit
diesem Bauernzug verteidigt Schwarz seine Königsstellung.} (16... Bxg2 $2 17.
Kxg2 $1 (17. f6 Bxf6 (17... Bxf1 18. fxe7 Rfe8 19. Bxf1 Rxe7 20. c4 $14) 18.
exf6 (18. Kxg2 Bxe5 $13) 18... Bxf1 19. fxg7) 17... Qc6+ 18. Qe4 Qxa4 19. f6
$16 {[%cal Rd3h7]}) (16... Qc6 $6 17. Rfa1 exf5 (17... Bxg2 18. f6 $18 {
[%cal Rd4g4,Rg4g2,Rg4g8]}) 18. Rxa6 Rxa6 19. Rxa6 $16) 17. Qh4 {[%cal Gh4h7,
Gd3h7,Gh4e7] Die weiße Dame fesselt den f6-Bauern und bedroht h7.} exf5 (17...
Qb6+ $5 18. Rf2 (18. Kh1 Qc6 (18... Bxg2+ $2 19. Kxg2 Qc6+ {[%cal Rc6g2,Rc6a4]}
20. Be4 Qxa4 21. fxe6 f5 22. Qxe7 fxe4 23. Rf7 $18 {[%csl Ge6,Ge7,Gf7,Rg8]})
19. fxe6 f5 20. Qxe7 Bxg2+ 21. Kg1 Bxf1 $17) 18... exf5 19. Bxf5 g6 $13) 18.
Rxf5 g6 {Schwarz verteidigt sich gegen die Motive auf h7 und hat die
Schwächung auf f6 wegen ...Qb6+ im Griff.} 19. exf6 Qb6+ 20. Qf2 (20. Kh1 Bxf6
(20... gxf5 21. Qg5+) 21. Qg3 Bc6 $13) 20... Qxf2+ 21. Rxf2 Bxf6 22. c3 Bb7 $11
{[%csl Gb7,Rc3,Gf6] Die aktiven schwarzen Läufer kompensieren die bessere
weiße Bauernstruktur.} 23. Ra3 {Weiß muß c3 decken.} (23. Bh6 Rf7 24. Bc4 $2 d5
$17 {[%csl Rc3][%cal Rf6c3]}) (23. h3 Kg7 $11) 23... Kg7 24. Be3 Rfe8 {[%csl
Gb7,Gf6][%cal Ge8e1]} 25. Bh6+ (25. Re2 Rac8 26. c4 Rxe3 27. Rxe3 Bd4 28. Kf2
Re8 29. Bf1 $11) 25... Kxh6 26. Rxf6 Re3 {[%csl Gb7,Ge3][%cal Ge3a3]} 27. Bf1 {
Weiß deckt prophylaktisch den Punkt g2.} (27. Rd6 Rf8 28. Ra1 $11 (28. h3 $2
Re1+ 29. Kh2 Rf2 $19 {[%csl Gb7,Ge1,Gf2,Rg2,Rh2]})) 27... Rc8 28. Rb6 (28. Bxa6
$5 {Vielleicht muß Weiß so spielen und mit Remis zufrieden sein.} Bxa6 29.
Rfxa6 Rcxc3 30. Rxc3 Rxc3 $11) 28... Be4 {[%csl Ra6,Rc3,Gc8,Ge3,Ge4]} 29. Rbxa6
(29. Bxa6 Rcxc3 30. Rxc3 Rxc3 31. Rd6 Rc2 32. Bf1 $11) 29... Rf8 $1 $36 30. Ra1
Rxc3 31. Rd6 (31. b5) (31. R6a3 $11) 31... Rf7 32. b5 (32. Rad1 Rc2 33. R6d2 (
33. Rxd7 Rff2 $40 {[%csl Gc2,Ge4,Gf2,Rg1][%cal Rc2h2]}) 33... Rxd2 34. Rxd2 $11
) 32... Rc2 33. Re1 (33. b6 Rb2 (33... Rff2 34. Rxd7 Bxg2 35. b7 Bxb7 (35...
Rb2 $2 36. b8=Q Rxb8 37. Kxf2 $18) 36. Rxb7 Rxh2 37. Raa7 Kg5 38. Rxh7 Rxh7 39.
Rxh7 $14 {Früher oder später kommt es zum Endspiel Turm und Läufer gegen Turm,
das nur mit gutem Spiel Remis zu halten ist.})) 33... Bb7 34. Rb6 {[%csl Rb6]}
d5 35. Rd6 (35. Rbe6 d4 {[%csl Gb7,Gd4]} 36. R6e2 d3 (36... Rxe2 37. Rxe2 $11)
37. Rxc2 dxc2 38. Bd3 (38. Rc1 Be4 {[%csl Gc2,Ge4]}) 38... Rc7 39. Rc1 Rc3 {
[%csl Rd3]} 40. Bxc2 Be4 {[%cal Gc3c1]} 41. b6 $1 Bxc2 42. b7 Rb3 43. Rxc2 Rxb7
$11) 35... Rd2 36. b6 d4 $15 {Weiß steht wegen des entfernten Freibauern nur
theoretisch etwas besser, denn Schwarz hat Gegenchancen am Königsflügel und
die sind bedeutsamer.} 37. Rc1 (37. Re2 $5 Rxf1+ (37... Rd1 38. Rf2) 38. Kxf1
Ba6 39. b7 Bxe2+ 40. Ke1 Rb2 41. b8=Q Rxb8 42. Kxe2 Rb2+ 43. Kf3 Rd2 $15) 37...
Rff2 $17 {[%csl Gb7,Gd2,Gd4,Gf2,Rg1]} 38. Rxd4 Rxf1+ $1 {Dieser Zwischenzug
gewinnt eine Figur.} (38... Rxd4 39. Kxf2 Rb4 $11) 39. Kxf1 Rxd4 40. Rc7 Ba6+
41. Kf2 Rb4 $19 {[%csl Rb6] Die weiße Lage ist hoffnungslos, denn der Bauer b6
ist nicht zu halten.} 42. Rc6 Rb2+ {[%cal Ra6b7,Rb7g2] Weiß gab auf, denn es
geht mindestens ein weiterer Bauer verloren.} (42... Rb2+ 43. Kg3 (43. Ke3 Rxg2
$19) 43... Rxg2+ 44. Kxg2 Bb7 {[%cal Rb7g2]}) 0-1

[Event "Elenite"]
[Site "Elenite"]
[Date "1995.??.??"]
[Round "7"]
[White "Georgiev, Kiril"]
[Black "Miladinovic, Igor"]
[Result "1-0"]
[WhiteElo "2605"]
[BlackElo "2555"]
[Annotator "Ribli,Z"]
[PlyCount "101"]
[EventDate "1995.09.??"]
[EventType "tourn"]
[EventRounds "9"]
[EventCountry "BUL"]
[EventCategory "15"]
[SourceTitle "CBM 050"]
[Source "ChessBase"]
[SourceDate "1996.02.01"]
[SourceVersion "1"]
[SourceVersionDate "1996.02.01"]
[SourceQuality "1"]

1. e4 {Mowsziszian Dolmatov} c5 2. Nf3 Nc6 3. d4 cxd4 4. Nxd4 Qc7 5. Nc3 e6 6.
g3 a6 7. Bg2 Nf6 8. O-O Bc5 (8... Nxd4 {Dolmatov} 9. Qxd4 Bc5 10. Bf4 d6 11.
Qd2 $14) (8... Be7 {Dolmatov}) 9. Bf4 (9. Nb3 $6 {Dolmatov} Ba7 10. Bg5 Ne5 11.
Qe2 d6 12. Kh1 Nc4 13. Nd1 Bd7 14. c3 $14 {Tiviakov,S-Miladinovic,I/Moscow(olm)
/1994/}) 9... Ne5 $6 (9... e5 $5 10. Nb3 exf4 (10... Bb4 11. Bd2 $16 {><d5})
11. Nxc5 d6 $13) 10. Na4 Ba7 (10... Be7 {Dolmatov} 11. c4 d6 12. Rc1 {/\b4,und
c5} b6 13. b4 $16 {Browne,W-Langeweg,K/Wijk aan Zee/1974/}) 11. c4 d6 12. Rc1
Bd7 $5 (12... Ng6 13. Be3 O-O 14. c5 $1 $14 {Tatai,S-Gostisa,L/Mitropa Cup/
1995/CBM46/} (14. c5 {Mowsziszian} dxc5 15. Nxc5 Qe7 (15... Bxc5 16. b4 $16)
16. b4 Rd8 $1 17. Qe2 Nd7 18. Ndb3 Nxc5 19. Nxc5 Bd7 {/\Bc6})) 13. c5 $5 {
Eine kraftige Neuerung.} (13. Nc3 Rd8 14. b3 h6 15. h3 Bc5 16. Be3 O-O $13 {
Dabetic,R-Solak,D/JUG-chT/1995/EXP48/}) 13... O-O $5 (13... dxc5 14. Nxc5 (14.
b4 Bxa4 15. Qxa4+ Qd7 $1 16. Qxd7+ Nfxd7 $10) 14... Bxc5 15. b4 b6 16. bxc5
bxc5 17. Nb3 $16 {Mowsziszian: wegen ^^ und Fesselung.} (17. Nb3 {Dolmatov} c4
18. Qd4 $16) (17. Qc2 $16 {Mowsziszian wegen ^^ und Fesselung.})) 14. b4 Bxa4 (
14... Rad8 $5 {Dolmatov} 15. cxd6 Qxd6 16. Nc5 Bc8 17. Ndb3 Qxd1 18. Rfxd1 $16)
15. Qxa4 dxc5 16. bxc5 Qd7 {Schwarz stoert die Fesselung (Bf4->Ne5,Qc7),
deswegen waehlt er diesen Damenta- usch.} (16... Bxc5 17. Nb3 b6 18. Nxc5 bxc5
19. Rfd1 $44) 17. Qxd7 Nfxd7 18. Rfd1 $5 $14 {Weiss steht mit seinem
Laeuferpaar in dieser offenen Stellung vorteilhafter. ^^ ><b7} Rac8 19. Nb3 f6
$6 {Der Nachziehende befestigt seinen Springer auf e5, aber schwaecht seinen
e6- Bauern.} (19... Rfd8 $6 {Dolmatov} 20. Na5 Bxc5 21. Bxe5 Nxe5 22. Rxd8+
Rxd8 23. Rxc5 $18) 20. Bh3 Rfe8 (20... Nxc5 $2 21. Be3 $1 Nxb3 22. Bxe6+ Kh8
23. Rxc8 $18) (20... Kf7 {Dolmatov} 21. Bxe5 Nxe5 22. f4 Nc6 23. Rd7+ $16) 21.
Bxe5 $5 {Weiss gibt seinen Laeuferpaar auf, besitzt aber noch immer die
Initiative.} Nxe5 22. f4 Nc6 23. Rd7 Kf8 {Schwarz opfert einen Bauern und er
hofft auf die ungleichfarbigen Laeufer.} (23... Rb8 24. Rcd1 (24. Kf2 {
Mowsziszian} e5 25. Kf3 $14) 24... Kf8 25. Rc7 Re7 26. Rdd7 $16) (23... b6 {
Dolmatov} 24. cxb6 Bxb6+ 25. Kg2 Na7 26. Rd6 $18) 24. Rxb7 Re7 25. Rxe7 Kxe7
26. Bf1 a5 27. a4 e5 28. Kg2 {Droht /\ Bb5} Nd4 (28... Rb8 {Mowsziszian} 29.
Bb5 $16 {><a5}) 29. Nxd4 exd4 30. c6 Kd6 31. Bb5 $1 {Hier wird eingentlich
schon klar, dass die Partie fuer Schwarz schiefgelaufen ist. Der weisse Gewinn
ist nur noch eine Frage der Technik.} Kc7 (31... Rc7 {Dolmatov} 32. Kf3 Bb6 (
32... Re7 $2 33. c7 Rxc7 34. e5+ fxe5 35. fxe5+ $18) 33. Ke2 Re7 34. Kd3 h6 $16
) 32. Kf3 Re8 33. Re1 (33. h4 $5) 33... Bc5 34. e5 fxe5 35. fxe5 Bb4 36. Re4
Bc5 (36... d3 $4 {Dolmatov} 37. Bxd3 Kxc6 38. Bb5+) 37. Ke2 g6 38. Kd3 Bb6 39.
Kc4 g5 40. Re1 h6 41. g4 Rd8 42. Kd3 Rf8 43. e6 Re8 44. Rf1 (44. Bc4 $5) 44...
Kd6 (44... Rxe6 45. Rf7+ Kd6 (45... Kc8 {Mowsziszian} 46. Ba6+ Kd8 47. Rd7+ Ke8
48. c7 $18) 46. Rd7+ Kc5 47. c7 Re3+ 48. Kd2 Re8 49. Ba6 Bxc7 50. Rxc7+ Kb6 51.
Rc6+ $18) 45. Bc4 $1 Re7 46. Rf6 Kxc6 47. Rxh6 Bc5 48. Ke4 Kd6 49. Rg6 Rh7 50.
Rxg5 Bb4 (50... Rxh2 {Mowsziszian} 51. e7 $1 Rh8 52. Re5 Re8 53. Bb5 $18) 51.
Rd5+ 1-0

[Event "GER-ch 74th"]
[Site "Saarbruecken"]
[Date "2002.11.27"]
[Round "6"]
[White "Tischbierek, Raj"]
[Black "Kritz, Leonid"]
[Result "0-1"]
[WhiteElo "2523"]
[BlackElo "2476"]
[Annotator "Ribli,Z"]
[PlyCount "66"]
[EventDate "2002.11.22"]
[EventType "swiss"]
[EventRounds "9"]
[EventCountry "GER"]
[SourceTitle "CBM 093"]
[Source "ChessBase"]
[SourceDate "2003.04.01"]
[SourceVersion "1"]
[SourceVersionDate "2003.04.01"]
[SourceQuality "1"]

1. e4 c5 2. Nf3 e6 3. d4 cxd4 4. Nxd4 Nc6 5. Nc3 Qc7 6. Be2 a6 7. O-O Nf6 8. a4
{Dieser Zug ist ein seltener Gast in der Turnierpraxis. Die gewöhnlichen Züge
sind 8.Kh1 oder 8.Be3. Mit dem Textzug verhindert Weiß die Möglichkeit b7-b5,
aber - nach meiner Meinung - bietet der Textzug keinerlei Hoffnungen auf
Eröffnungsvorteil.} Bb4 9. Bg5 {Diese Stellung erinnert an die Variante 8.Kh1
Bb4 9.Bg5. Aber der Zug 8.Kh1 scheint mir nuetzlicher als 8.a4.} h6 (9... Qa5
10. Bxf6 gxf6 11. Nxc6 bxc6 (11... dxc6 $5) 12. Qd4 Be7 13. Kh1 Rb8 14. b3 h5
15. f4 h4 16. Rad1 Rb4 17. Qe3 f5 {0-1 Haugli,P-Tisdall,J/Gausdal 1988/EXT 97 
(36)}) (9... Bxc3 10. Bxf6 gxf6 11. bxc3 $14) 10. Bxf6 {Weiß nimmt den
Springer und spielt auf die geschwächte Bauernstruktur, aber - ich glaube - es
wäre besser den Läufer auf dem Brett zu behalten, mindestens bis Bxc3
geschehen ist, weil jetzt die dunklen Felder jetzt sehr schwach werden in der
weißen Stellung.} (10. Bh4 Bxc3 11. Bxf6 gxf6 12. bxc3 Qf4 13. Re1 Qxe4 14.
Bxa6 Qf4 15. g3 Qg5 16. Bf1 Ra5 17. Nb5 Qc5 {1/2-1/2 Khalifman,A-Teske,H/GER
1991/CBM 24 (29)}) 10... gxf6 $11 11. Kh1 (11. Qd3 Qd6 $11) 11... Qd6 $1 {
[%csl Gb4][%cal Gd6d1] Ein typisches Motiv in solchen Stellungen - Schwarz
möchte die Damen tauschen.} 12. Nd5 $2 {[%mdl 512] Ein typisches Motiv in der
Sizilianischen Verteidigung, aber hier bekommt Weiß kaum genügend Kompensation
für die Figur.} (12. Nxc6 Qxd1 13. Raxd1 dxc6 $11) (12. Nb3 Qxd1 13. Raxd1 Bxc3
14. bxc3 Ke7 $11) 12... exd5 13. Nf5 {Die "Pointe" des weißen Spiels - der Nf5
steht wirklich aktiv, aber das ist zu wenig für einen gefährlichen Angriff.}
Qf4 $1 $17 {Die Dame steht gut auf f4 und Weiß kann seinen Angriff nicht
fortsetzen.} (13... Qe5 14. f4 $44) 14. Ng7+ (14. c3 Bd6 (14... Be7 15. Qxd5 d6
$17) 15. Nxd6+ Qxd6 16. exd5 Ne7 $17) 14... Kf8 (14... Kd8 $17) 15. Nh5 Qxe4
16. Bd3 (16. Nxf6 Qh4 17. Nxd5 Bc5 $19) 16... Qe7 {Schwarz hat schon eine
Figur und einen Bauern mehr, aber seine Bauernstruktur ist geschwächt. Dennoch
muss sich der Materialvorteil früher oder später durchsetzen.} 17. c3 Bc5 18.
Qd2 (18. b4 Ba7 $17) 18... f5 (18... d4 $17) 19. b4 Qg5 $1 {Ein starker
Zwischenzug, aber das genuegsame 19...Ba7 waere auch gut.} (19... Ba7 $17) 20.
Qe2 (20. Qxg5 hxg5 21. Ng3 Bd6 $19) 20... Be7 21. b5 Nd8 {Schwarz oeffnet
nicht die a-Linie.} (21... axb5 22. axb5 Na5 23. b6 $17) 22. f4 Qg4 23. Qe5 Rg8
24. Ng3 d6 25. Qxd5 Be6 $19 {[%mdl 1024] Endlich kann Schwarz die Entwicklung
beenden und mit einer Figur mehr muss er die Partie gewinnen.} 26. Qd4 axb5 (
26... h5 $19) (26... Qg6 $19 {[%cal Gg6f6,Gf6d4]}) 27. axb5 Rxa1 28. Rxa1 h5 {
[%cal Rh5h4]} 29. Be2 Qg7 {[%cal Gg7d4] Droht 30...h4 und gleichzeitig den
Damentausch auf d4.} 30. Bxh5 Qxd4 31. cxd4 Bh4 32. Bf3 (32. Ne2 Bd5 $19) 32...
Bxg3 33. hxg3 d5 0-1